<?xml version="1.0" encoding="UTF-8"?>
<record
    xmlns:xsi="http://www.w3.org/2001/XMLSchema-instance"
    xsi:schemaLocation="http://www.loc.gov/MARC21/slim http://www.loc.gov/standards/marcxml/schema/MARC21slim.xsd"
    xmlns="http://www.loc.gov/MARC21/slim">

  <leader>01042cam a2200253   4500</leader>
  <controlfield tag="001">sa 68017536 </controlfield>
  <controlfield tag="003">DLC</controlfield>
  <controlfield tag="005">20260227112703.0</controlfield>
  <controlfield tag="008">710315s1968    ii       b    00110 eng  </controlfield>
  <datafield tag="010" ind1=" " ind2=" ">
    <subfield code="a">sa 68017536 //r89</subfield>
  </datafield>
  <datafield tag="025" ind1=" " ind2=" ">
    <subfield code="a">PL480:I-E-10852</subfield>
  </datafield>
  <datafield tag="043" ind1=" " ind2=" ">
    <subfield code="a">a-ii---</subfield>
  </datafield>
  <datafield tag="050" ind1="0" ind2=" ">
    <subfield code="a">BL1245.S5</subfield>
    <subfield code="b">M86</subfield>
  </datafield>
  <datafield tag="100" ind1="2" ind2="0">
    <subfield code="a">Murugesa Mudaliar, N.,</subfield>
    <subfield code="d">1905-</subfield>
  </datafield>
  <datafield tag="245" ind1="1" ind2="4">
    <subfield code="a">The relevance of Saiva siddhanta philosophy,</subfield>
    <subfield code="b">being lectures delivered at the Banaras Hindu University and the Allahabad University,</subfield>
    <subfield code="c">by N. Murugesa Mudaliar. With a foreword by T. M. P. Mahadevan.</subfield>
  </datafield>
  <datafield tag="260" ind1="0" ind2=" ">
    <subfield code="a">Annamalainagar,</subfield>
    <subfield code="b">Annamalai University,</subfield>
    <subfield code="c">1968.</subfield>
  </datafield>
  <datafield tag="300" ind1=" " ind2=" ">
    <subfield code="a">x, 241 p.</subfield>
    <subfield code="c">22 cm.</subfield>
  </datafield>
  <datafield tag="350" ind1=" " ind2=" ">
    <subfield code="a">Rs6.66</subfield>
  </datafield>
  <datafield tag="490" ind1="1" ind2=" ">
    <subfield code="a">Sri-la-Sri Arulna&#x1E47;di Siv&#x101;c&#x101;rya Swamigal's Sivaj&#xF1;&#x101;na Siddhiy&#x101;r Endowment lectures, 1962-63</subfield>
  </datafield>
  <datafield tag="504" ind1=" " ind2=" ">
    <subfield code="a">Includes bibliographical references.</subfield>
  </datafield>
  <datafield tag="650" ind1=" " ind2="0">
    <subfield code="a">&#x15A;aiva Siddh&#x101;nta.</subfield>
  </datafield>
  <datafield tag="650" ind1=" " ind2="0">
    <subfield code="a">Philosophy, Indic.</subfield>
  </datafield>
  <datafield tag="810" ind1="2" ind2=" ">
    <subfield code="a">Annamalai University.</subfield>
    <subfield code="t">Srila-Sri Arulnandi Sivacharya Swamigal Sivagnana Siddhiyar endowment lectures,</subfield>
    <subfield code="v">1962-63</subfield>
  </datafield>
  <datafield tag="999" ind1=" " ind2=" ">
    <subfield code="c">87781</subfield>
    <subfield code="d">87781</subfield>
  </datafield>
</record>
